Očí Tvých zář, op. 77

Hlavní autor: Geiger, Gyula, 1886-1967
Další autoři: Begold
Jazyk: Čeština
Vydáno: Praha : Accord, 1922
Fyzický popis: 3 s.
Hudebniny Hudebniny
Uloženo v:
LEADER 00702ncm a22002292a 4500
001 001221922
003 CZ BrMZK
005 20150619113118.0
007 qu
008 120611s1922 xr |||||||||||||||||cze d
040 |a BOA001  |b cze 
072 7 |a 784  |x Vokální hudba  |2 Konspekt  |9 9 
100 1 |a Geiger, Gyula,  |d 1886-1967  |7 mzk2015876609  |4 cmp 
245 1 0 |a Očí Tvých zář, op. 77  |h [hudebnina] /  |c G. Geiger ; slova: Begold 
260 |a Praha :  |b Accord,  |c 1922 
300 |a 3 s. 
500 |a Zpěv a klavír 
700 1 |a Begold  |4 lyr 
910 |a BOA001  |b Mus4-0593.080 
990 |a MU 
991 |b 201206 
996 6 |b 2619093247  |c Mus4-0593.080  |l MZK  |r Sklad / do 1 hodiny  |n 0  |w 001255869  |u 000010  |a 1  |e BOA001  |j MZK50  |s P